00560nam a22001697a 4500003000200000005001700002008004100019020002200060050002300082100001700105245007000122260003200192300003200224500004600256504004200302650004600344020231002102729.0231002b xxu||||| |||| 00| 0 eng d a978-1-138-07978-6 aBF 448 b.G68 2019 aGovrin, Aner aEthics and attachment: how we make moral judgementsc Aner Govrin aNew YorkbRoutledgecc2019. axviii, 262 pages ;c24 cm.  aPsychology -- Moral and ethical aspects.  aIncludes bibliographical references.  aPsychology -- Moral and ethical aspects.